Baulsphere : (Record no. 48254)

MARC details
000 -LEADER
fixed length control field 02592cam a2200373 a 4500
005 - DATE AND TIME OF LATEST TRANSACTION
control field 20031230185550.0
008 - FIXED-LENGTH DATA ELEMENTS--GENERAL INFORMATION
fixed length control field 940308s1993 enkab b 001 0 eng
010 ## - LCCN (DPL NO)
LC control number ENG-101647 B-425182-189
020 ## - INTERNATIONAL STANDARD BOOK NUMBER
Terms of availability 395.00
International Standard Book Number 9788184000559
035 ## - SYSTEM CONTROL NUMBER
System control number EN-85180 B-425182-189
037 ## - SOURCE OF ACQUISITION
Source of stock number/acquisition DBAD/PUB
037 ## - SOURCE OF ACQUISITION
Source of stock number/acquisition RBC/VEN
040 ## - CATALOGING SOURCE
Original cataloging agency dpl
Language of cataloging Eng
082 ## - DEWEY DECIMAL CLASSIFICATION NUMBER
Classification number 781.620095414
100 1# - MAIN ENTRY--PERSONAL NAME
9 (RLIN) 22405
Personal name Sen, Mimlu
245 10 - TITLE STATEMENT
Title Baulsphere :
Statement of responsibility, etc by Mimlu Sen
Remainder of title my travels with the wandering bards of Bengal /
260 ## - PUBLICATION, DISTRIBUTION, ETC. (IMPRINT)
Place of publication, distribution, etc Noida
Name of publisher, distributor, etc Random House India
Date of publication, distribution, etc 2009
270 ## - ADDRESS
Address Mind Mill Corporate Tower, 2nd Floor, Plot No 24A Sector 16A,
City Noida
Postal code 201301
300 ## - PHYSICAL DESCRIPTION
Extent 287p.:
Dimensions 22cm (Hb)
Other physical details ill
650 #0 - SUBJECT ADDED ENTRY--TOPICAL TERM
9 (RLIN) 22448
651 ## - SUBJECT ADDED ENTRY--GEOGRAPHIC NAME
9 (RLIN) 22481
700 ## - ADDED ENTRY--PERSONAL NAME
9 (RLIN) 22431
942 ## - ADDED ENTRY ELEMENTS (KOHA)
Source of classification or shelving scheme Dewey Decimal Classification
Item type English Books
Call number suffix SEN
Classification part 781.620095414
Holdings
Withdrawn status Lost status Source of classification or shelving scheme Damaged status Not for loan Collection code Home library Current library Date acquired Source of acquisition Cost, normal purchase price Total Checkouts Full call number Barcode Date last seen Copy number Cost, replacement price Koha item type Total Renewals
    Dewey Decimal Classification     Non-fiction Central Library Central Library 20/04/2011 RBC/22493/23.3.11/76/4.3.11/25.3.11 395.00 2 781.620095414 SEN B-425182 27/08/2024 1 395.00 English Books 1
    Dewey Decimal Classification   Not For Loan Non-fiction D.B.Act.Division D.B.Act.Division 07/10/2010 DBAD/PUB 395.00   781.620095414 SEN EN-85180 07/10/2010 1 395.00 English Books  
    Dewey Decimal Classification     Non-fiction Karol Bagh Karol Bagh 20/04/2011 RBC/22493/23.3.11/76/4.3.11/25.3.11 395.00   781.620095414 SEN B-425185 20/04/2011 1 395.00 English Books  
    Dewey Decimal Classification     Non-fiction Patel Nagar Patel Nagar 20/04/2011 RBC/22493/23.3.11/76/4.3.11/25.3.11 395.00   781.620095414 SEN B-425183 20/04/2011 1 395.00 English Books  
  Written-off vide DLB M. No. 383 dt 16.05.19 Dewey Decimal Classification     Non-fiction R.C.Libraries (BL-IV) R.C.Libraries (BL-IV) 20/04/2011 RBC/22493/23.3.11/76/4.3.11/25.3.11 395.00   781.620095414 SEN B-425188 20/04/2011 2 395.00 English Books  
    Dewey Decimal Classification     Non-fiction R.C.Libraries (BL-IV) R.C.Libraries (BL-IV) 20/04/2011 RBC/22493/23.3.11/76/4.3.11/25.3.11 395.00   781.620095414 SEN B-425189 20/04/2011 2 395.00 English Books  
    Dewey Decimal Classification     Non-fiction Sarojini Nagar Sarojini Nagar 20/04/2011 RBC/22493/23.3.11/76/4.3.11/25.3.11 395.00   781.620095414 SEN B-425184 20/04/2011 1 395.00 English Books  
    Dewey Decimal Classification     Non-fiction Shahdara Branch Shahdara Branch 20/04/2011 RBC/22493/23.3.11/76/4.3.11/25.3.11 395.00   781.620095414 SEN B-425186 20/04/2011 1 395.00 English Books  
    Dewey Decimal Classification     Non-fiction Yojana Vihar Yojana Vihar 20/04/2011 RBC/22493/23.3.11/76/4.3.11/25.3.11 395.00   781.620095414 SEN B-425187 20/04/2011 1 395.00 English Books  

© Delhi Public Library
Hit Counter
free hit counter